[Event "Elista Spring Rating"]
[Site "Elista"]
[Date "2015.12.03"]
[Round "6"]
[White "Tulumdzhiev, Aleksey"]
[Black "Grigoryan, Artur"]
[Result "0-1"]
[WhiteElo "1961"]
[BlackElo "2235"]
[PlyCount "31"]
[EventDate "2014.03.26"]
[EventType "swiss"]
[EventRounds "9"]
[EventCountry "RUS"]
[SourceTitle "EXT 2022"]
[Source "ChessBase"]
[SourceDate "2021.10.06"]
[SourceVersion "1"]
[SourceVersionDate "2021.10.06"]
[SourceQuality "1"]

1. e4 e6 2. d4 d5 3. Nc3 dxe4 4. Nxe4 Bd7 5. Nf3 Bc6 6. Bd3 Nd7 7. 0-0 Ngf6 8. Bg5 Be7 9. Qe2 h6 10. Bh4 0-0 11. Rad1 Nxe4 12. Bxe7 Qxe7 13. Bxe4 Bxe4 14. Qxe4 c6 15. Rd3 Nf6 16. Ne5 0-1

[Event "Elista-ch"]
[Site "Elista"]
[Date "2014.01.08"]
[Round "9"]
[White "Tulumdzhiev, Aleksey"]
[Black "Indzhiev, Aldar"]
[Result "0-1"]
[WhiteElo "1948"]
[BlackElo "1664"]
[PlyCount "80"]
[EventDate "2014.01.03"]
[EventType "swiss"]
[EventRounds "9"]
[EventCountry "RUS"]
[SourceTitle "CBM 158 Extra"]
[Source "ChessBase"]
[SourceDate "2014.02.28"]
[SourceVersion "1"]
[SourceVersionDate "2014.02.28"]
[SourceQuality "1"]

1. e4 c5 2. Nf3 d6 3. d4 cxd4 4. Nxd4 Nf6 5. Nc3 g6 6. Be3 Bg7 7. f3 0-0 8. Qd2 Nc6 9. 0-0-0 Nxd4 10. Bxd4 Be6 11. h4 Qa5 12. h5 Rfc8 13. hxg6 hxg6 14. a3 Rab8 15. g4 b5 16. g5 Nh5 17. Bxg7 Kxg7 18. Qd4+ Kg8 19. Nd5 Bxd5 20. Qxd5 Rc5 21. Qb3 Rxg5 22. Bd3 Qa4 23. Qxa4 bxa4 24. Rh4 Rg2 25. f4 Rf2 26. f5 Nf4 27. Bc4 Rc8 28. b3 axb3 29. Bxb3 Kg7 30. Rdh1 Rf8 31. Rg4 Ne2+ 32. Kb1 Rb8 33. fxg6 fxg6 34. Rgh4 Rbf8 35. Rh7+ Kf6 36. R1h4 Nd4 37. Rh3 Nxb3 38. Rxb3 Rc8 39. Rb7 Rcxc2 40. Rhxe7 Rb2+ 0-1

[Event "Elista-ch"]
[Site "Elista"]
[Date "2014.01.05"]
[Round "5"]
[White "Tulumdzhiev, Aleksey"]
[Black "Borisov, Sergey M"]
[Result "0-1"]
[WhiteElo "1948"]
[BlackElo "2091"]
[PlyCount "64"]
[EventDate "2014.01.03"]
[EventType "swiss"]
[EventRounds "9"]
[EventCountry "RUS"]
[SourceTitle "CBM 158 Extra"]
[Source "ChessBase"]
[SourceDate "2014.02.28"]
[SourceVersion "1"]
[SourceVersionDate "2014.02.28"]
[SourceQuality "1"]

1. e4 d5 2. Nc3 c6 3. Nf3 Bg4 4. h3 Bxf3 5. Qxf3 Nf6 6. e5 Nfd7 7. d4 e6 8. Bf4 c5 9. dxc5 Nc6 10. Bb5 Bxc5 11. 0-0 0-0 12. Rfe1 Nd4 13. Qd3 Nxb5 14. Qxb5 Qc7 15. Rad1 a6 16. Qe2 Nb6 17. Rd3 f5 18. Qh5 Rac8 19. Red1 Qf7 20. Qh4 Nc4 21. Rb1 b5 22. a4 Qe8 23. axb5 axb5 24. Rg3 Rf7 25. b4 Be7 26. Qh6 Na3 27. Rb3 Nxc2 28. Qxe6 Nd4 29. Qxd5 Rd8 30. Qb7 Bh4 31. Qb6 Bxg3 32. fxg3 Nxb3 0-1

[Event "Elista-ch"]
[Site "Elista"]
[Date "2014.01.04"]
[Round "4"]
[White "Nasunov, Mikhail"]
[Black "Tulumdzhiev, Aleksey"]
[Result "1-0"]
[WhiteElo "2200"]
[BlackElo "1948"]
[PlyCount "37"]
[EventDate "2014.01.03"]
[EventType "swiss"]
[EventRounds "9"]
[EventCountry "RUS"]
[SourceTitle "CBM 158 Extra"]
[Source "ChessBase"]
[SourceDate "2014.02.28"]
[SourceVersion "1"]
[SourceVersionDate "2014.02.28"]
[SourceQuality "1"]

1. e4 c5 2. Nf3 d6 3. d4 cxd4 4. Nxd4 Nf6 5. Nc3 a6 6. Bc4 e6 7. 0-0 Be7 8. f4 b5 9. Bb3 Bb7 10. Be3 0-0 11. f5 e5 12. Nde2 Nxe4 13. Nxe4 Bxe4 14. Ng3 Bb7 15. Qg4 Bf6 16. Nh5 d5 17. Bh6 g6 18. fxg6 fxg6 19. Qe6+ 1-0

[Event "Elista Chess City op 10th"]
[Site "Elista"]
[Date "2008.09.23"]
[Round "9"]
[White "Kovalenko, Alexander"]
[Black "Tulumdzhiev, Aleksey"]
[Result "1-0"]
[WhiteElo "2263"]
[BlackElo "1905"]
[PlyCount "39"]
[EventDate "2008.09.16"]
[EventType "swiss"]
[EventRounds "9"]
[EventCountry "RUS"]
[SourceTitle "CBM 126 Extra"]
[Source "ChessBase"]
[SourceDate "2008.11.05"]
[SourceVersion "1"]
[SourceVersionDate "2008.11.05"]
[SourceQuality "1"]

1. Nf3 Nf6 2. d4 e6 3. c4 d5 4. Nc3 c6 5. e3 Be7 6. Bd3 Nbd7 7. 0-0 Qc7 8. b3 dxc4 9. Bxc4 0-0 10. Bb2 Rd8 11. Qe2 e5 12. dxe5 Nxe5 13. Nxe5 Qxe5 14. Nd5 Qd6 15. Nxe7+ Qxe7 16. Qf3 Ne8 17. Ba3 Qc7 18. Rfd1 Be6 19. Bxe6 fxe6 20. Qf8# 1-0

[Event "Elista Chess City op 10th"]
[Site "Elista"]
[Date "2008.09.18"]
[Round "4"]
[White "Tulumdzhiev, Aleksey"]
[Black "Morozov, Vladislav"]
[Result "1-0"]
[WhiteElo "1905"]
[BlackElo "2093"]
[PlyCount "45"]
[EventDate "2008.09.16"]
[EventType "swiss"]
[EventRounds "9"]
[EventCountry "RUS"]
[SourceTitle "CBM 126 Extra"]
[Source "ChessBase"]
[SourceDate "2008.11.05"]
[SourceVersion "1"]
[SourceVersionDate "2008.11.05"]
[SourceQuality "1"]

1. e4 e5 2. Nf3 d6 3. d4 Bg4 4. dxe5 Nd7 5. exd6 Bxd6 6. Be2 Qe7 7. 0-0 0-0-0 8. Nd4 h5 9. Nc3 Qh4 10. g3 Qh3 11. Nf3 h4 12. Ng5 Bxe2 13. Qxe2 hxg3 14. Nxh3 Rxh3 15. fxg3 Ngf6 16. Nd5 Rdh8 17. Nf4 R3h7 18. Rf2 Ne5 19. Nd3 Neg4 20. Rxf6 Nxf6 21. e5 Re8 22. Qf3 Bxe5 23. Qf5+ 1-0

[Event "Elista Chess City op 10th"]
[Site "Elista"]
[Date "2008.09.16"]
[Round "1"]
[White "Tulumdzhiev, Aleksey"]
[Black "Kovtun, Sergei"]
[Result "0-1"]
[WhiteElo "1905"]
[BlackElo "2290"]
[PlyCount "44"]
[EventDate "2008.09.16"]
[EventType "swiss"]
[EventRounds "9"]
[EventCountry "RUS"]
[SourceTitle "CBM 126 Extra"]
[Source "ChessBase"]
[SourceDate "2008.11.05"]
[SourceVersion "1"]
[SourceVersionDate "2008.11.05"]
[SourceQuality "1"]

1. e4 c5 2. Nf3 Nc6 3. d4 cxd4 4. Nxd4 Nf6 5. Nc3 g6 6. Be3 Bg7 7. Bc4 0-0 8. Bb3 d6 9. f3 Bd7 10. Qd2 Qa5 11. 0-0-0 Rfc8 12. g4 Ne5 13. h4 Nc4 14. Bxc4 Rxc4 15. Nde2 Rac8 16. Bh6 Bh8 17. h5 b5 18. hxg6 fxg6 19. e5 b4 20. exf6 bxc3 21. Qe3 Bxf6 22. Nf4 Qxa2 0-1

[Event "Elista Elo-A"]
[Site "Elista"]
[Date "2008.01.04"]
[Round "3"]
[White "Tulumdzhiev, Aleksey"]
[Black "Shadura, Aleksandr"]
[Result "0-1"]
[WhiteElo "1983"]
[BlackElo "1785"]
[PlyCount "66"]
[EventDate "2008.01.03"]
[EventType "tourn"]
[EventRounds "11"]
[EventCountry "RUS"]
[SourceTitle "EXT 2010"]
[Source "ChessBase"]
[SourceDate "2010.11.25"]
[SourceVersion "1"]
[SourceVersionDate "2010.11.25"]
[SourceQuality "1"]

1. e4 c5 2. Nf3 d6 3. d4 cxd4 4. Nxd4 Nf6 5. Nc3 a6 6. Be2 e5 7. Nb3 Be6 8. 0-0 Be7 9. Be3 0-0 10. f4 Nc6 11. f5 Bxb3 12. axb3 Rc8 13. g4 d5 14. Nxd5 Nxe4 15. Bf3 Nf6 16. Bb6 Qd6 17. c4 Nxd5 18. Bxd5 Nb4 19. Be3 Nxd5 20. cxd5 Rfd8 21. Ra5 Qb4 22. Ra4 Qb5 23. g5 Rxd5 24. Qf3 Rd3 25. g6 Rxe3 26. Qh5 hxg6 27. fxg6 fxg6 28. Qxg6 Qe8 29. Qe6+ Kh8 30. Rf7 Rc1+ 31. Kf2 Rc2+ 32. Kf1 Re1+ 33. Kxe1 Bb4+ 0-1